000 00593nam a2200205Ia 4500
005 20250326143929.0
008 250326s9999 xx 000 0 und d
020 _a1-4039-3644-7
037 _aTextbook
040 _aFMSL
_beng
_cFMSL
041 _aeng
_2eng
084 _aX:545.41 P4
_qFMSL
100 _aXiaolan FU
_9748745
245 0 _aExports, foreign direct investment and economic development in China
_cXiaolan FU
260 _aNY
_bNY, Palgrave
_c2004
300 _a221p
365 _b330729.89040000003
942 _cTB
_hX:545.41 P4
999 _c1301668
_d1301668